书目信息 |
| 题名: |
噪声与振动控制技术
|
|
| 作者: | 袁昌明 , 方云中 , 华伟进 编著 | |
| 分册: | ||
| 出版信息: | 北京 冶金工业出版社 2007.01 |
|
| 页数: | 143页 | |
| 开本: | 26cm | |
| 丛书名: | ||
| 单 册: | ||
| 中图分类: | TB53 | |
| 科图分类: | ||
| 主题词: | 工业生产--gong ye sheng chan--振动控制 , 工业生产--gong ye sheng chan--噪声控制 | |
| 电子资源: | ||
| ISBN: | 978-7-5024-4007-7 | |
| 000 | 01022nam0 2200277 450 | |
| 001 | 012008115250 | |
| 005 | 20080512162701.48 | |
| 010 | @a978-7-5024-4007-7@dCNY23.00 | |
| 100 | @a20080512d2007 em y0chiy0120 ea | |
| 101 | 0 | @achi |
| 102 | @aCN@b110000 | |
| 105 | @aak a 000yy | |
| 106 | @ar | |
| 200 | 1 | @a噪声与振动控制技术@Azao sheng yu zhen dong kong zhi ji shu@f袁昌明, 方云中, 华伟进编著@Fyuan chang ming,fang yun zhong,hua wei jin bian zhu |
| 210 | @a北京@c冶金工业出版社@d2007.01 | |
| 215 | @a143页@c图@d26cm | |
| 320 | @a有书目 (第143页) | |
| 330 | @a书从职业安全健康的目的出发,以声学理论为基础,主要介绍了工业生产过程中噪声的产生及传播原理、噪声的危害及其综合知识措施等。 | |
| 606 | 0 | @a工业生产@Agong ye sheng chan@x振动控制 |
| 606 | 0 | @a工业生产@Agong ye sheng chan@x噪声控制 |
| 690 | @aTB53@v4 | |
| 701 | 0 | @a袁昌明@Ayuan chang ming@4编著 |
| 701 | 0 | @a方云中@Afang yun zhong@4编著 |
| 701 | 0 | @a华伟进@Ahua wei jin@4编著 |
| 801 | 0 | @aCN@bQSSK@c20080512 |
| 905 | @b711472-74@dTB53@eY884@f3 | |
| 噪声与振动控制技术/袁昌明, 方云中, 华伟进编著.-北京:冶金工业出版社,2007.01 |
| 143页:图;26cm |
| ISBN 978-7-5024-4007-7:CNY23.00 |
| 书从职业安全健康的目的出发,以声学理论为基础,主要介绍了工业生产过程中噪声的产生及传播原理、噪声的危害及其综合知识措施等。 |
| ● |
| 相关链接 |
|
|
|
正题名:噪声与振动控制技术
索取号:TB53/Y884
 
预约/预借
| 序号 | 登录号 | 条形码 | 馆藏地/架位号 | 状态 | 备注 |
| 1 | 711472 | 207114727 | 自科库501/501自科库 18排1列3层/ [索取号:TB53/Y884] | 在馆 | |
| 2 | 711473 | 207114736 | 期刊室512/ [索取号:TB53/Y884] | 在馆 | |
| 3 | 711474 | 207114745 | 自科库501/501自科库 18排1列3层/ [索取号:TB53/Y884] | 在馆 |